000 01268nam a22003497a 4500
003 CHAP
005 20220817044048.0
008 051115d2004 ca ad r 00110 spa d
010 _a91314
011 _a92286
020 _a2923358015
035 _a102850
040 _cCHAP
082 0 4 _a633.15
_bS44
110 2 _aSecretariado de la Comisión para la Cooperación Ambiental
_9103534
245 1 0 _aMaíz y biodiversidad:
_befectos del maíz transgénico en México, concluciones y recomendaciones (Informe)
_c/por Secretariado de la Comisión para la Cooperación Ambiental
260 _aMontréal, Can. :
_bSecretariado de la Comisión para la Cooperación Ambiental,
_c2004
300 _a38 p. :
_bilus. ; cuadros
590 _aBATCH-UPD
_b10
_c20130110
_lUCH01
_h1126
590 _aBATCH-UPD
_b10
_c20130410
_lUCH01
_h0715
590 _aBATCH-UPD
_b10
_c20130914
_lUCH01
_h0629
590 _aCONVERSION
_b10
_c20130109
_lUCH01
_h1351
650 1 4 _aBiodiversidad.
_912724
650 1 4 _aMaíz.
_970848
650 1 4 _aMaíz
_zMéxico.
_971098
650 1 4 _aPlantas transgénicas.
_989087
650 1 4 _aTransgénicos.
901 _aBK
905 _aMarco A. Mendoza T.
942 _cLIBRO
949 _a633.15 S44
_bBC
_cLIBRO
_d33724000967188
_eLIBRO
_h107542
_i102850
_si
999 _c91314
_d91314